00738nam a2200181 a 450000100100000000500170001000800410002704000250006808200200009310000400011324500790015326000400023230000260027250000430029865100830034165100660042465100660049000001408320240422101417.0091204s1928 xxu 001 0 spa d aDO-SdBNPbspacBNPHU a972.9305bW449n1 aWelles, Benjamin Sumner,d1892-196110aNaboth's vineyard :bthe Dominican Republic 1844 - 1924 /cSumener Welles. aNew York :bPayson & Clarke,c1928. a2 v. :bil. ;c23 cm. aIncluye notas al pie de las páginas. 0aRepública Dominicana --xHistoria --yOcupación norteamericana, 1916-1924  4aRepública DominicanaxRelaciones ExterioreszEstados Unidos 4aEstados UnidosxRelaciones ExterioreszRepública Dominicana